[Event "SRB-chT"]
[Site "Kragujevac"]
[Date "2013.09.03"]
[Round "11.5"]
[White "Markovic, Miroslav"]
[Black "Marjanovic, Slavoljub"]
[Result "1/2-1/2"]
[WhiteElo "2493"]
[BlackElo "2464"]
[PlyCount "23"]
[EventDate "2013.08.24"]
[EventType "team-tourn"]
[EventRounds "11"]
[EventCountry "SRB"]
[SourceTitle "CBM 156 Extra"]
[Source "ChessBase"]
[SourceDate "2013.10.22"]
[SourceVersion "1"]
[SourceVersionDate "2013.10.22"]
[SourceQuality "1"]
[WhiteTeam "Takovo Metalac"]
[BlackTeam "Nis"]
[WhiteTeamCountry "SRB"]
[BlackTeamCountry "SRB"]

1. e4 c5 2. c3 Nf6 3. e5 Nd5 4. Nf3 Nc6 5. d4 cxd4 6. Bc4 Nb6 7. Bb3 d5 8. exd6 Qxd6 9. Na3 a6 10. 0-0 e6 11. cxd4 Be7 12. Qd3 1/2-1/2

[Event "SRB-chT"]
[Site "Kragujevac"]
[Date "2013.08.24"]
[Round "1.3"]
[White "Marjanovic, Slavoljub"]
[Black "Solak, Dragan"]
[Result "1/2-1/2"]
[WhiteElo "2464"]
[BlackElo "2592"]
[PlyCount "32"]
[EventDate "2013.08.24"]
[EventType "team-tourn"]
[EventRounds "11"]
[EventCountry "SRB"]
[SourceTitle "CBM 156 Extra"]
[Source "ChessBase"]
[SourceDate "2013.10.22"]
[SourceVersion "1"]
[SourceVersionDate "2013.10.22"]
[SourceQuality "1"]
[WhiteTeam "Nis"]
[BlackTeam "Novi Sad"]
[WhiteTeamCountry "SRB"]
[BlackTeamCountry "SRB"]

1. e4 d6 2. d4 Nf6 3. f3 e5 4. Ne2 Be7 5. c4 c5 6. d5 h5 7. Be3 h4 8. Rg1 Nbd7 9. Nbc3 Nf8 10. Qd2 Ng6 11. 0-0-0 a6 12. Kb1 Bd7 13. Nc1 Rb8 14. g3 b5 15. Bd3 Rb7 16. Rdf1 Qb6 1/2-1/2

[Event "Kavala op-A 21st"]
[Site "Kavala"]
[Date "2012.07.31"]
[Round "8"]
[White "Marjanovic, Slavoljub"]
[Black "Mastrovasilis, Dimitrios"]
[Result "1/2-1/2"]
[WhiteElo "2466"]
[BlackElo "2616"]
[PlyCount "205"]
[EventDate "2012.07.25"]
[EventType "swiss"]
[EventRounds "9"]
[EventCountry "GRE"]
[SourceTitle "CBM 149 Extra"]
[Source "ChessBase"]
[SourceDate "2012.08.24"]
[SourceVersion "1"]
[SourceVersionDate "2012.08.24"]
[SourceQuality "1"]

1. e4 c5 2. Nf3 e6 3. d4 cxd4 4. Nxd4 Nc6 5. Nc3 Qc7 6. Be2 a6 7. 0-0 Nf6 8. Be3 Bb4 9. Na4 0-0 10. Nxc6 bxc6 11. Bd3 Be7 12. c4 c5 13. f4 d6 14. Nc3 Rb8 15. b3 Nd7 16. Qf3 Re8 17. Qh3 Nf8 18. Rae1 Bd7 19. Kh1 Rbd8 20. Bb1 Qb7 21. Re2 d5 22. exd5 exd5 23. Qf3 Qc8 24. Nxd5 Bg4 25. Qf2 Bxe2 26. Qxe2 Bd6 27. Qh5 Ng6 28. Kg1 Bf8 29. Rf3 Rd6 30. Kf1 h6 31. Rg3 Ne7 32. Nc3 Qe6 33. Qxc5 Red8 34. Qh5 Qf6 35. Qe5 Qh4 36. f5 Rd1+ 37. Kf2 Rxb1 38. Nxb1 Nc6 39. Qf4 Qf6 40. Nd2 Bd6 41. Qe4 Bxg3+ 42. hxg3 Nb4 43. a3 Nd3+ 44. Kg1 Qd6 45. Kh2 Qxa3 46. f6 Qd6 47. fxg7 Kxg7 48. Nf3 Qg6 49. Qe7 Qf6 50. Bd4 Rxd4 51. Qxf6+ Kxf6 52. Nxd4 Ke5 53. Nc2 a5 54. Kh3 Ke4 55. Kh4 Ne5 56. b4 a4 57. Na3 Kd4 58. c5 Kc3 59. c6 Nxc6 60. b5 Na5 61. b6 Kb4 62. Nb1 Kc5 63. Kh5 Kxb6 64. Kxh6 Kc5 65. Kg7 f5 66. Kf6 Kb4 67. Kxf5 Kb3 68. g4 Kb2 69. g5 Kxb1 70. g6 Nc6 71. g7 a3 72. Ke6 Nd4+ 73. Ke5 a2 74. g8Q a1Q 75. Qh7+ Nc2+ 76. Kf4 Qd4+ 77. Qe4 Qf6+ 78. Kg4 Kb2 79. Qe2 Qg6+ 80. Kf4 Qf6+ 81. Kg4 Qd4+ 82. Kf5 Qd7+ 83. Kf6 Kc3 84. Qf3+ Kd2 85. g4 Qd6+ 86. Kf7 Nd4 87. Qe4 Qd7+ 88. Kf6 Qd8+ 89. Qe7 Qb6+ 90. Kf7 Qh6 91. Qe4 Kc3 92. Qe5 Kc4 93. g5 Qh7+ 94. Qg7 Qe4 95. Qf6 Qd5+ 96. Kg7 Ne6+ 97. Kg6 Qe4+ 98. Kf7 Kd5 99. g6 Qg4 100. g7 Ng5+ 101. Qxg5+ Qxg5 102. g8Q Qxg8+ 103. Kxg8 1/2-1/2

[Event "Kavala op-A 21st"]
[Site "Kavala"]
[Date "2012.07.30"]
[Round "7"]
[White "Gogolis, Alexandros"]
[Black "Marjanovic, Slavoljub"]
[Result "0-1"]
[WhiteElo "2264"]
[BlackElo "2466"]
[PlyCount "98"]
[EventDate "2012.07.25"]
[EventType "swiss"]
[EventRounds "9"]
[EventCountry "GRE"]
[SourceTitle "CBM 149 Extra"]
[Source "ChessBase"]
[SourceDate "2012.08.24"]
[SourceVersion "1"]
[SourceVersionDate "2012.08.24"]
[SourceQuality "1"]

1. d4 e6 2. Nf3 c5 3. c3 Nf6 4. Bf4 b6 5. e3 Bb7 6. Nbd2 Be7 7. Bd3 cxd4 8. cxd4 Nd5 9. Bg3 f5 10. a3 0-0 11. e4 fxe4 12. Bxe4 Qe8 13. Qc2 Qh5 14. 0-0 Nc6 15. Rac1 Bf6 16. Be5 Rac8 17. Qb1 Bxe5 18. dxe5 Nf4 19. Rfe1 Ba6 20. Nc4 g6 21. Nd6 Qg4 22. g3 Ne2+ 23. Kg2 Nxc1 24. h3 Qh5 25. g4 Qh6 26. Qxc1 Qg7 27. Nxc8 Rxc8 28. Qg5 Rf8 29. Re3 Qf7 30. Qh4 Bc4 31. Kg1 Qg7 32. Qg5 Ne7 33. Qh4 Nd5 34. Bxd5 Bxd5 35. Nd4 g5 36. Qg3 Qg6 37. Re1 Rf4 38. Qc3 Kg7 39. f3 h5 40. Qd2 hxg4 41. hxg4 Qh7 42. Rf1 Qh3 43. Rd1 Bxf3 44. Nxf3 Qxf3 45. Qxd7+ Rf7 46. Qd4 Qg3+ 47. Kh1 Kh6 48. Qg1 Qf3+ 49. Kh2 Kg6 0-1

[Event "Kavala op-A 21st"]
[Site "Kavala"]
[Date "2012.07.27"]
[Round "3"]
[White "Khazhomia, Salome"]
[Black "Marjanovic, Slavoljub"]
[Result "0-1"]
[WhiteElo "2125"]
[BlackElo "2466"]
[PlyCount "78"]
[EventDate "2012.07.25"]
[EventType "swiss"]
[EventRounds "9"]
[EventCountry "GRE"]
[SourceTitle "CBM 149 Extra"]
[Source "ChessBase"]
[SourceDate "2012.08.24"]
[SourceVersion "1"]
[SourceVersionDate "2012.08.24"]
[SourceQuality "1"]

1. d4 Nf6 2. c4 e6 3. Nf3 d5 4. cxd5 exd5 5. Nc3 c6 6. g3 Bd6 7. Bg2 0-0 8. 0-0 Re8 9. Bg5 Nbd7 10. Qd3 h6 11. Bf4 Ne4 12. Bxd6 Nxd6 13. Rfe1 Nf6 14. Ne5 Bf5 15. Qd2 Re7 16. Rad1 Qb6 17. b3 Rae8 18. Na4 Qc7 19. f3 Nb5 20. e3 Nd6 21. Rc1 Nd7 22. g4 Bh7 23. f4 Be4 24. Nc5 Bxg2 25. Qxg2 Nxc5 26. Rxc5 Qb6 27. Qf3 Qb4 28. Re2 Nb5 29. Kf1 a5 30. Rcc2 a4 31. bxa4 Nc3 32. Red2 f6 33. Nd3 Qc4 34. Kg2 Rxe3 35. Ne5 R8xe5 36. fxe5 Rxf3 37. Kxf3 Qf1+ 38. Rf2 Qd3+ 39. Kg2 fxe5 0-1

[Event "SRB-chT"]
[Site "Valjevo"]
[Date "2011.09.06"]
[Round "11.5"]
[White "Kovacevic, Aleksandar"]
[Black "Marjanovic, Slavoljub"]
[Result "1/2-1/2"]
[WhiteElo "2568"]
[BlackElo "2469"]
[PlyCount "23"]
[EventDate "2011.08.27"]
[EventType "team-tourn"]
[EventRounds "11"]
[EventCountry "SRB"]
[SourceTitle "CBM 144 Extra"]
[Source "ChessBase"]
[SourceDate "2011.10.28"]
[SourceVersion "1"]
[SourceVersionDate "2011.10.28"]
[SourceQuality "1"]
[WhiteTeam "Novi Sad DDOR"]
[BlackTeam "Nis"]
[WhiteTeamCountry "SRB"]
[BlackTeamCountry "SRB"]

1. e4 c5 2. Nf3 d6 3. Bb5+ Bd7 4. Bxd7+ Qxd7 5. 0-0 Nc6 6. c3 Nf6 7. Re1 e6 8. d4 cxd4 9. cxd4 d5 10. e5 Ne4 11. Nbd2 Nxd2 12. Bxd2 1/2-1/2

[Event "SRB-chT"]
[Site "Valjevo"]
[Date "2011.09.05"]
[Round "10.1"]
[White "Marjanovic, Slavoljub"]
[Black "Radovanovic, Dusan"]
[Result "1/2-1/2"]
[WhiteElo "2469"]
[BlackElo "2372"]
[PlyCount "72"]
[EventDate "2011.08.27"]
[EventType "team-tourn"]
[EventRounds "11"]
[EventCountry "SRB"]
[SourceTitle "CBM 144 Extra"]
[Source "ChessBase"]
[SourceDate "2011.10.28"]
[SourceVersion "1"]
[SourceVersionDate "2011.10.28"]
[SourceQuality "1"]
[WhiteTeam "Nis"]
[BlackTeam "Pozega"]
[WhiteTeamCountry "SRB"]
[BlackTeamCountry "SRB"]

1. e4 g6 2. d4 c6 3. h3 Bg7 4. Nf3 d5 5. Nbd2 dxe4 6. Nxe4 Nd7 7. Bc4 Ngf6 8. Nxf6+ Nxf6 9. 0-0 0-0 10. Re1 Qd6 11. Qe2 e6 12. c3 b6 13. Bg5 Bb7 14. Rad1 Rae8 15. Qd2 Nd5 16. Bh6 c5 17. dxc5 Qxc5 18. Bb3 b5 19. Bxg7 Kxg7 20. Qd4+ Qxd4 21. Rxd4 Rc8 22. a4 a6 23. axb5 axb5 24. Ne5 Rfd8 25. Red1 Kf6 26. f4 Ke7 27. Kf2 h6 28. h4 Rg8 29. Ra1 Ra8 30. Re1 Rgd8 31. Red1 Rg8 32. Re1 Rgd8 33. Red1 Rac8 34. Ra1 Ra8 35. Rad1 Rac8 36. Ra1 Ra8 1/2-1/2

[Event "SRB-chT"]
[Site "Valjevo"]
[Date "2011.08.29"]
[Round "3.3"]
[White "Marjanovic, Slavoljub"]
[Black "Dimitrijevic, Srdjan"]
[Result "1-0"]
[WhiteElo "2469"]
[BlackElo "2302"]
[PlyCount "81"]
[EventDate "2011.08.27"]
[EventType "team-tourn"]
[EventRounds "11"]
[EventCountry "SRB"]
[SourceTitle "CBM 144 Extra"]
[Source "ChessBase"]
[SourceDate "2011.10.28"]
[SourceVersion "1"]
[SourceVersionDate "2011.10.28"]
[SourceQuality "1"]
[WhiteTeam "Nis"]
[BlackTeam "Belgrade Cirilo i Metodije"]
[WhiteTeamCountry "SRB"]
[BlackTeamCountry "SRB"]

1. e4 c5 2. Nf3 Nc6 3. d4 cxd4 4. Nxd4 g6 5. Be2 Bg7 6. Nb3 Nf6 7. Nc3 0-0 8. 0-0 d6 9. Re1 a6 10. Bg5 b5 11. Bf1 b4 12. Nd5 Nd7 13. Qc1 Re8 14. a3 Rb8 15. axb4 Nxb4 16. Nxb4 Rxb4 17. Bxa6 Bxa6 18. Rxa6 Qb8 19. Ra2 Ne5 20. Nd2 Rc8 21. Qa1 e6 22. h3 d5 23. exd5 exd5 24. c3 Rb5 25. Bf4 Nf3+ 26. Nxf3 Qxf4 27. Ra5 Qb8 28. Rxb5 Qxb5 29. Rd1 Rb8 30. Rd2 Bh6 31. Nd4 Qc4 32. Re2 Bg7 33. Qa7 Rf8 34. Rd2 Re8 35. Nf3 Qf4 36. Qa1 Qc4 37. Qa5 d4 38. Nxd4 Re1+ 39. Kh2 Be5+ 40. g3 Bxd4 41. Qd8+ 1-0

[Event "SRB-chT"]
[Site "Valjevo"]
[Date "2011.08.28"]
[Round "2.5"]
[White "Mastrovasilis, Athanasios"]
[Black "Marjanovic, Slavoljub"]
[Result "1/2-1/2"]
[WhiteElo "2537"]
[BlackElo "2469"]
[PlyCount "52"]
[EventDate "2011.08.27"]
[EventType "team-tourn"]
[EventRounds "11"]
[EventCountry "SRB"]
[SourceTitle "CBM 144 Extra"]
[Source "ChessBase"]
[SourceDate "2011.10.28"]
[SourceVersion "1"]
[SourceVersionDate "2011.10.28"]
[SourceQuality "1"]
[WhiteTeam "Subotica Spartak"]
[BlackTeam "Nis"]
[WhiteTeamCountry "SRB"]
[BlackTeamCountry "SRB"]

1. d4 d5 2. c4 dxc4 3. e3 e5 4. Bxc4 exd4 5. exd4 Bb4+ 6. Nc3 Nf6 7. Nf3 0-0 8. 0-0 Nbd7 9. h3 Nb6 10. Bb3 c6 11. Bg5 Be7 12. Ne5 Nfd5 13. Bxe7 Qxe7 14. Nxd5 Nxd5 15. Bxd5 cxd5 16. Qb3 Be6 17. Rac1 Rac8 18. Rfe1 b6 19. Rc3 Rxc3 20. Qxc3 Qd6 21. Rc1 f6 22. Qc6 Qe7 23. Nd3 Rc8 24. Qb5 Rxc1+ 25. Nxc1 Bf7 26. Nb3 g5 1/2-1/2

[Event "Kavala op 20th"]
[Site "Kavala"]
[Date "2011.08.04"]
[Round "7"]
[White "Hadzimanolis, Antonios"]
[Black "Marjanovic, Slavoljub"]
[Result "1/2-1/2"]
[WhiteElo "2322"]
[BlackElo "2469"]
[PlyCount "90"]
[EventDate "2011.07.30"]
[EventType "swiss"]
[EventRounds "9"]
[EventCountry "GRE"]
[SourceTitle "CBM 143 Extra"]
[Source "ChessBase"]
[SourceDate "2011.08.29"]
[SourceVersion "1"]
[SourceVersionDate "2011.08.29"]
[SourceQuality "1"]

1. e4 c5 2. c3 Nf6 3. e5 Nd5 4. d4 cxd4 5. Nf3 Nc6 6. cxd4 d6 7. Bc4 Nb6 8. Bb3 d5 9. Nh4 e6 10. Nf3 Be7 11. 0-0 Bd7 12. Nc3 Rc8 13. a3 0-0 14. Qd3 f5 15. exf6 Bxf6 16. Bc2 g6 17. Re1 Nc4 18. Ba4 Qb6 19. Bxc6 Qxc6 20. Ne5 Nxe5 21. dxe5 Bg7 22. Qd4 a5 23. Be3 Qa6 24. f4 Rc4 25. Qd2 g5 26. b3 Rc7 27. Ne2 gxf4 28. Bxf4 Bb5 29. Nd4 Bd3 30. Rac1 Rcf7 31. g3 Be4 32. Rc5 Bh6 33. Nxe6 Qxe6 34. Bxh6 Re8 35. Bf4 b6 36. Rc3 Qh3 37. Rec1 Re6 38. Rc8+ Kg7 39. R8c6 Rxc6 40. Rxc6 Rxf4 41. gxf4 Qg4+ 42. Kf1 Qf3+ 43. Qf2 Qd1+ 44. Qe1 Qf3+ 45. Qf2 Qd1+ 1/2-1/2

[Event "Kavala op 20th"]
[Site "Kavala"]
[Date "2011.07.31"]
[Round "2"]
[White "Marjanovic, Slavoljub"]
[Black "Dounis, Alexandros"]
[Result "1-0"]
[WhiteElo "2469"]
[BlackElo "2248"]
[PlyCount "65"]
[EventDate "2011.07.30"]
[EventType "swiss"]
[EventRounds "9"]
[EventCountry "GRE"]
[SourceTitle "CBM 143 Extra"]
[Source "ChessBase"]
[SourceDate "2011.08.29"]
[SourceVersion "1"]
[SourceVersionDate "2011.08.29"]
[SourceQuality "1"]

1. e4 e5 2. Nf3 Nc6 3. Bb5 Nge7 4. 0-0 g6 5. c3 a6 6. Ba4 Bg7 7. d4 exd4 8. cxd4 b5 9. Bb3 0-0 10. Nc3 Na5 11. d5 d6 12. Bc2 Nc4 13. Rb1 h6 14. Nd4 c5 15. dxc6 Qb6 16. Nde2 Qxc6 17. Bf4 Bb7 18. Bd3 Rfd8 19. b3 Ne5 20. Rc1 Qd7 21. Qd2 Rac8 22. Bb1 g5 23. Be3 d5 24. exd5 Nxd5 25. Nxd5 Bxd5 26. Rxc8 Qxc8 27. Rd1 Qg4 28. Ng3 Bf6 29. Qc2 Ng6 30. h3 Qe6 31. Nh5 Be5 32. Qf5 Rc8 33. Rxd5 1-0

[Event "SRB-chT 1st League"]
[Site "Vrnjacka Banja"]
[Date "2010.08.27"]
[Round "7"]
[White "Marjanovic, Slavoljub"]
[Black "Vuckovic, Bojan"]
[Result "0-1"]
[WhiteElo "2505"]
[BlackElo "2623"]
[PlyCount "110"]
[EventDate "2010.08.21"]
[EventType "team-tourn"]
[EventRounds "11"]
[EventCountry "YUG"]
[SourceTitle "CBM 138 Extra"]
[Source "ChessBase"]
[SourceDate "2010.10.29"]
[SourceVersion "1"]
[SourceVersionDate "2010.10.29"]
[SourceQuality "1"]

1. e4 c5 2. Nf3 Nc6 3. d4 cxd4 4. Nxd4 Nf6 5. Nc3 e5 6. Ndb5 d6 7. Bg5 a6 8. Na3 b5 9. Bxf6 gxf6 10. Nd5 f5 11. Bd3 Be6 12. 0-0 Bxd5 13. exd5 Ne7 14. c4 Bg7 15. Qd2 e4 16. Be2 b4 17. Qxb4 0-0 18. Rab1 Ng6 19. f4 Rb8 20. Qd2 Qb6+ 21. Kh1 Bxb2 22. Nc2 Ne7 23. g4 Qc5 24. gxf5 Bf6 25. Rb3 Nxf5 26. Bg4 Qxc4 27. Rg1 Ng7 28. Rbg3 Kh8 29. Ne3 Qd4 30. Qg2 Bh4 31. Rh3 Rb2 32. Be2 Bf6 33. Rg3 Rfb8 34. Nc4 Rb1 35. Bf1 Rxf1 36. Qxf1 Nf5 37. Rh3 Bg7 38. Rh5 Qxd5 39. Ne3 Ng3+ 40. Rxg3 Qxh5 41. Qxa6 Qc5 42. Qf1 Rc8 43. Qh3 Bd4 44. Qg4 Rf8 45. Nf5 Qc1+ 46. Kg2 Qb2+ 47. Kh3 Bf2 48. Rb3 Qf6 49. Rb7 Bc5 50. Rc7 e3 51. Ng3 Qg6 52. Qf3 Rg8 53. f5 Qf6 54. Qd5 e2 55. Qd2 Qe5 0-1

[Event "Kavala op 19th"]
[Site "Kavala"]
[Date "2010.08.04"]
[Round "6"]
[White "Graf, Alexander"]
[Black "Marjanovic, Slavoljub"]
[Result "1-0"]
[WhiteElo "2590"]
[BlackElo "2505"]
[PlyCount "51"]
[EventDate "2010.07.30"]
[EventType "swiss"]
[EventRounds "9"]
[EventCountry "GRE"]
[SourceTitle "CBM 137 Extra"]
[Source "ChessBase"]
[SourceDate "2010.09.01"]
[SourceVersion "1"]
[SourceVersionDate "2010.09.01"]
[SourceQuality "1"]

1. d4 Nf6 2. c4 e6 3. Nc3 Bb4 4. Nf3 c5 5. g3 0-0 6. Bg2 cxd4 7. Nxd4 d5 8. cxd5 Nxd5 9. Qb3 Qa5 10. Bd2 Nc6 11. Nxc6 bxc6 12. 0-0 Bxc3 13. bxc3 Ba6 14. Rfd1 Qc5 15. e4 Bc4 16. Qa4 Nb6 17. Qb4 Qh5 18. Be3 Be2 19. Rd2 Rab8 20. Qc5 Nc4 21. Rc2 a5 22. Qxh5 Bxh5 23. Bc5 Rfd8 24. f3 f6 25. g4 e5 26. gxh5 1-0

[Event "Kavala op 19th"]
[Site "Kavala"]
[Date "2010.08.03"]
[Round "5"]
[White "Marjanovic, Slavoljub"]
[Black "Sachdev, Tania"]
[Result "1-0"]
[WhiteElo "2505"]
[BlackElo "2396"]
[PlyCount "69"]
[EventDate "2010.07.30"]
[EventType "swiss"]
[EventRounds "9"]
[EventCountry "GRE"]
[SourceTitle "CBM 137 Extra"]
[Source "ChessBase"]
[SourceDate "2010.09.01"]
[SourceVersion "1"]
[SourceVersionDate "2010.09.01"]
[SourceQuality "1"]

1. e4 e5 2. Nf3 Nc6 3. Bb5 a6 4. Ba4 Nf6 5. 0-0 Bc5 6. Nxe5 Nxe5 7. d4 b5 8. dxe5 Nxe4 9. Bb3 Bb7 10. Bd5 Nxf2 11. Rxf2 Bxf2+ 12. Kxf2 Qh4+ 13. Kf1 Bxd5 14. Qxd5 0-0 15. Nd2 Qxh2 16. Nf3 Qh1+ 17. Kf2 c6 18. Qxd7 Rad8 19. Qg4 Qd1 20. Kg3 h5 21. Qxh5 Rfe8 22. Bd2 Qxc2 23. Bg5 Rd1 24. Rxd1 Qxd1 25. Qg4 Qd3 26. Bf6 Qh7 27. Qd7 Rf8 28. Be7 Qg6+ 29. Kf4 Ra8 30. g4 Qc2 31. Bd8 Qc4+ 32. Kg3 Qd5 33. Qe8+ Kh7 34. Ng5+ Kg6 35. Nxf7 1-0

[Event "SRB-chT 1st League"]
[Site "Kragujevac"]
[Date "2009.09.12"]
[Round "11"]
[White "Halkias, Stelios"]
[Black "Marjanovic, Slavoljub"]
[Result "1-0"]
[WhiteElo "2570"]
[BlackElo "2480"]
[PlyCount "75"]
[EventDate "2009.09.01"]
[EventType "tourn"]
[EventRounds "11"]
[EventCountry "YUG"]
[SourceTitle "CBM 132 Extra"]
[Source "ChessBase"]
[SourceDate "2009.11.03"]
[SourceVersion "1"]
[SourceVersionDate "2009.11.03"]
[SourceQuality "1"]

1. d4 Nf6 2. Nf3 d5 3. c4 e6 4. Nc3 dxc4 5. e4 Bb4 6. Bxc4 Nxe4 7. 0-0 Nxc3 8. bxc3 Be7 9. Ne5 0-0 10. Qg4 Nc6 11. Bh6 Bf6 12. Rad1 Ne7 13. Bc1 c5 14. Rd3 cxd4 15. cxd4 Nf5 16. Ba3 Be7 17. Bb2 Bd6 18. Rh3 g6 19. Qe4 f6 20. Nd3 Re8 21. Nc5 Ng7 22. Qe3 Nf5 23. Qf3 h5 24. Rxh5 gxh5 25. Qxf5 Qe7 26. Qg6+ Kh8 27. Ne4 Qg7 28. Qxg7+ Kxg7 29. Nxd6 Re7 30. Re1 Rd7 31. Ba3 Rd8 32. h4 a6 33. Bb3 b5 34. Bc5 Bd7 35. Re3 Rg8 36. Bxe6 Bxe6 37. Rxe6 Rgd8 38. Re7+ 1-0

[Event "SRB-chT 1st League"]
[Site "Kragujevac"]
[Date "2009.09.08"]
[Round "7"]
[White "Marjanovic, Slavoljub"]
[Black "Ivanisevic, Ivan"]
[Result "1-0"]
[WhiteElo "2480"]
[BlackElo "2614"]
[PlyCount "143"]
[EventDate "2009.09.01"]
[EventType "tourn"]
[EventRounds "11"]
[EventCountry "YUG"]
[SourceTitle "CBM 132 Extra"]
[Source "ChessBase"]
[SourceDate "2009.11.03"]
[SourceVersion "1"]
[SourceVersionDate "2009.11.03"]
[SourceQuality "1"]

1. e4 c5 2. Nf3 d6 3. d4 Nf6 4. Nc3 cxd4 5. Nxd4 a6 6. Be2 e6 7. a4 Be7 8. 0-0 0-0 9. f4 Nc6 10. Be3 Qc7 11. Kh1 Re8 12. Bf3 Na5 13. Bg1 e5 14. Nde2 Bd7 15. h3 b5 16. axb5 axb5 17. Qd3 Qb7 18. Nd5 Nxd5 19. exd5 f5 20. fxe5 dxe5 21. Ng3 Nc4 22. d6 e4 23. Nxe4 fxe4 24. Bxe4 Bc6 25. Bxc6 Qxc6 26. Rxa8 Qxa8 27. dxe7 Rxe7 28. b3 Ne5 29. Qxb5 Ng6 30. Rd1 Qe4 31. Rd4 Qe6 32. Rd8+ Kf7 33. Qf1+ Qf6 34. Qc4+ Qe6 35. Qd3 Qe4 36. Qxe4 Rxe4 37. Rd7+ Kf6 38. c3 Ne7 39. Bd4+ Ke6 40. Ra7 Nf5 41. Bxg7 Re1+ 42. Kh2 Rb1 43. b4 h5 44. g4 Rb2+ 45. Kg1 hxg4 46. hxg4 Nh4 47. Kf1 Nf3 48. Ra5 Rd2 49. Rf5 Nh2+ 50. Ke1 Rg2 51. Bd4 Rxg4 52. Rf2 Rh4 53. Kd2 Rh3 54. Kc2 Nf3 55. Bc5 Kd5 56. Kb3 Ne5 57. Rf8 Nd3 58. Rd8+ Kc6 59. Bd4 Rg3 60. Rf8 Rh3 61. Rh8 Rf3 62. Rh5 Kd6 63. b5 Rg3 64. Kc4 Nb2+ 65. Kb4 Rg4 66. Rh6+ Kd7 67. b6 Rg5 68. Rh7+ Kc8 69. c4 Nd3+ 70. Kc3 Rg3 71. Kd2 Rf3 72. c5 1-0

[Event "SRB-chT 1st League"]
[Site "Kragujevac"]
[Date "2009.09.03"]
[Round "3"]
[White "Marjanovic, Slavoljub"]
[Black "Drazic, Sinisa"]
[Result "1-0"]
[WhiteElo "2480"]
[BlackElo "2518"]
[PlyCount "139"]
[EventDate "2009.09.01"]
[EventType "tourn"]
[EventRounds "11"]
[EventCountry "YUG"]
[SourceTitle "CBM 132 Extra"]
[Source "ChessBase"]
[SourceDate "2009.11.03"]
[SourceVersion "1"]
[SourceVersionDate "2009.11.03"]
[SourceQuality "1"]

1. e4 d6 2. d4 Nf6 3. Nc3 e5 4. Nf3 Nbd7 5. Bc4 Be7 6. 0-0 0-0 7. Re1 c6 8. a4 a5 9. h3 h6 10. Ba2 Re8 11. Qd3 exd4 12. Nxd4 Ne5 13. Qd1 Bf8 14. Bf4 Qb6 15. Qd2 Bd7 16. Kh2 Rad8 17. f3 Bc8 18. Kh1 Qb4 19. Nd1 Ng6 20. c3 Qc5 21. Bh2 Qh5 22. Nf2 Qc5 23. Nd3 Qb6 24. Re2 Ne5 25. Nf2 Qc7 26. Rae1 Qb6 27. Qc2 c5 28. Nf5 Be6 29. Bxe6 Rxe6 30. Rd1 h5 31. Ne3 Qc6 32. Red2 Rb8 33. Nd3 Nxd3 34. Rxd3 b5 35. axb5 Qxb5 36. R3d2 Rb6 37. Ra1 g6 38. Bf4 Qa6 39. Qa4 Rb5 40. Nc4 Nxe4 41. fxe4 Rxe4 42. Bxd6 Bh6 43. Rd5 Rxb2 44. Re5 Rxe5 45. Bxe5 Re2 46. Qxa5 Qxa5 47. Rxa5 Re1+ 48. Kh2 Rxe5 49. Nxe5 Bf4+ 50. Kg1 Bxe5 51. Rxc5 Bg3 52. Kf1 Kf8 53. Ke2 Ke7 54. Kf3 Bh2 55. Ke4 Kf6 56. c4 h4 57. Ra5 Bg1 58. c5 Ke6 59. Ra6+ Ke7 60. Kd5 Bh2 61. Ra7+ Ke8 62. Kc6 g5 63. Kb7 Ke7 64. c6 Ke6 65. Ra5 f5 66. c7 Bxc7 67. Kxc7 Kf6 68. Kd6 g4 69. Ra4 Kg5 70. Ke5 1-0

[Event "Kavala op 18th"]
[Site "Kavala"]
[Date "2009.08.02"]
[Round "3"]
[White "Marjanovic, Slavoljub"]
[Black "Sandipan, Chanda"]
[Result "0-1"]
[WhiteElo "2475"]
[BlackElo "2585"]
[PlyCount "100"]
[EventDate "2009.08.01"]
[EventType "swiss"]
[EventRounds "9"]
[EventCountry "GRE"]
[SourceTitle "CBM 131 Extra"]
[Source "ChessBase"]
[SourceDate "2009.09.03"]
[SourceVersion "2"]
[SourceVersionDate "2009.09.16"]
[SourceQuality "1"]

1. e4 c5 2. Nf3 d6 3. d4 cxd4 4. Nxd4 Nf6 5. Nc3 a6 6. Bc4 e6 7. Bb3 Nc6 8. Be3 Be7 9. Qe2 Nxd4 10. Bxd4 b5 11. 0-0-0 Bb7 12. a3 0-0 13. g4 a5 14. Qxb5 Ba6 15. Qg5 a4 16. Nxa4 e5 17. Bxe5 h6 18. Qg6 Qb8 19. Bd4 d5 20. Bxd5 Bb7 21. Bxf7+ Rxf7 22. Nc3 Nxe4 23. Rhe1 Ra6 24. Qh5 Bg5+ 25. Kb1 Nxc3+ 26. Bxc3 g6 27. Qh3 Rf3 28. Qf1 Rxc3 29. Qb5 Ra8 30. Re6 Be4 31. Qxb8+ Rxb8 32. Rxe4 Rxa3 33. Rd6 Rf3 34. Rxg6+ Kf7 35. Rc6 Rxf2 36. h4 Bxh4 37. Ra4 Bf6 38. b4 Re8 39. Ka2 Rf3 40. Ra3 Rf4 41. Kb3 Rxg4 42. b5 Re1 43. Ra7+ Kg6 44. Raa6 Rf4 45. c4 Kg5 46. Kb4 h5 47. b6 Rb1+ 48. Kc5 Be7+ 49. Kd5 Rd1+ 50. Ke5 Bf6+ 0-1

[Event "SRB-chT"]
[Site "Subotica"]
[Date "2008.09.10"]
[Round "9"]
[White "Marjanovic, Slavoljub"]
[Black "Cabrilo, Goran"]
[Result "1/2-1/2"]
[WhiteElo "2479"]
[BlackElo "2484"]
[PlyCount "30"]
[EventDate "2008.09.01"]
[EventType "team-tourn"]
[EventRounds "11"]
[EventCountry "YUG"]
[SourceTitle "CBM 126 Extra"]
[Source "ChessBase"]
[SourceDate "2008.11.05"]
[SourceVersion "1"]
[SourceVersionDate "2008.11.05"]
[SourceQuality "1"]

1. e4 e5 2. Nf3 Nc6 3. Bb5 a6 4. Ba4 Nf6 5. 0-0 Be7 6. Re1 b5 7. Bb3 d6 8. c3 0-0 9. h3 Na5 10. Bc2 c5 11. d4 Qc7 12. Nbd2 cxd4 13. cxd4 Nc6 14. Nb3 a5 15. Be3 a4 1/2-1/2

[Event "Kavala op 17th"]
[Site "Kavala"]
[Date "2008.08.06"]
[Round "8"]
[White "Burmakin, Vladimir"]
[Black "Marjanovic, Slavoljub"]
[Result "1-0"]
[WhiteElo "2625"]
[BlackElo "2479"]
[PlyCount "81"]
[EventDate "2008.07.31"]
[EventType "swiss"]
[EventRounds "9"]
[EventCountry "GRE"]
[SourceTitle "CBM 125 Extra"]
[Source "ChessBase"]
[SourceDate "2008.09.01"]
[SourceVersion "1"]
[SourceVersionDate "2008.09.01"]
[SourceQuality "1"]

1. Nf3 d5 2. c4 e6 3. b3 Nf6 4. g3 Be7 5. Bg2 c5 6. 0-0 Nc6 7. cxd5 exd5 8. Bb2 0-0 9. d4 Ne4 10. Nc3 Bf6 11. Na4 cxd4 12. Nxd4 Bxd4 13. Bxd4 Bf5 14. Rc1 Re8 15. e3 h6 16. Bb2 Rc8 17. b4 Nf6 18. a3 Ne5 19. Rxc8 Qxc8 20. Qa1 Qb8 21. Nc3 Be4 22. Nxe4 dxe4 23. Rd1 Qc7 24. h3 h5 25. Bxe5 Rxe5 26. Qc1 Qe7 27. Qc8+ Kh7 28. Bf1 Kg6 29. Bc4 a5 30. Rd4 axb4 31. axb4 Kh7 32. Kg2 g6 33. Qd8 Kg7 34. Qb6 Rg5 35. Rd8 h4 36. g4 Re5 37. Qd4 g5 38. Rd6 b5 39. Bb3 Kg8 40. Rd8+ Kg7 41. Ra8 1-0